000 00361nam a2200157Ia 4500
005 20251020182611.0
008 200515s9999 xx 000 0 und d
082 _aSC/65.011.52:634.0.8/E24
245 0 _aTrabajo manual de la madera
250 _a3a ed.
260 _aBarcelona
260 _c1981
650 _aCARPINTERIA
650 _aMADERA
942 _cLIB
999 _c3335
_d3335